| 000 | 00000nam##2200000za#4500 |
| 001 | 9.641835 |
| 003 | CaOODSP |
| 005 | 20210624223417 |
| 007 | cr ||||||||||| |
| 008 | 150407|2000||||xxc|||||o f|0| 0 fre|d |
| 040 | |aCaOODSP|bfre |
| 043 | |an-cn--- |
| 086 | 1 |aRH64-43/2000F-PDF |
| 110 | 1 |aCanada.|bDéveloppement des ressources humaines Canada. |bPolitique stratégique. |
| 245 | 10|aLes répercussions de l'AE sur la durée des périodes de chômage et les prestations : |h[ressource électronique]|brapport final / |c[par] Stephen Jones. |
| 260 | |aOttawa - Ontario : |bDéveloppement des ressources humaines Canada. |cOctobre 2000. |
| 300 | |a120p.|btableaux |
| 504 | |aBibliographie. |
| 590 | |a13-12-Supp|b2013-05-10 |
| 691 | 07|aAssurance-emploi|2gcpds |
| 775 | 08|tEI impacts on unemployment durations and benefit receipt : |w(CaOODSP)9.697833 |
| 856 | 40|ahttp://publications.gc.ca|qPDF|s435 Ko|uhttps://publications.gc.ca/collections/collection_2013/rhdcc-hrsdc/RH64-43-2000-fra.pdf |
| 986 | |aSP-AH131-03-00F |